Khảo sát đặc tính ra hoa, phát triển trái và ảnh hưởng của liều lượng phân N-P-K-Mg lên năng suất và phẩm chất trái mít Ba Láng hạt lép (Artocarpus hetephyllus Lamk) tại quận Cái Răng, thành phố Cần Thơ : Luận văn tốt nghiệp cao học. Chuyên ngành Khoa học cây trồng
Nội dung của luận văn nghiên cứu, xác định đặc điểm sinh học sự ra hoa và phát triển trái mít Ba Láng hạt lép làm cơ sở cho những nghiên cứu cải tiến năng suất và chất lượng; xác định liều lượng phân N-P-K-Mg có hiệu quả để cải thiện n...
保存先:
| 第一著者: | |
|---|---|
| フォーマット: | 図書 |
| 言語: | Undetermined |
| 出版事項: |
Cần Thơ
Trường Đại học Cần Thơ
2016
|
| 主題: | |
| タグ: |
タグ追加
タグなし, このレコードへの初めてのタグを付けませんか!
|
| Thư viện lưu trữ: | Trung tâm Học liệu Trường Đại học Cần Thơ |
|---|
| LEADER | 01499nam a2200217Ia 4500 | ||
|---|---|---|---|
| 001 | CTU_209594 | ||
| 008 | 210402s9999 xx 000 0 und d | ||
| 082 | |a 634.6 | ||
| 082 | |b X502 | ||
| 088 | |a 60620110 | ||
| 100 | |a Trần, Thị Doãn Xuân | ||
| 245 | 0 | |a Khảo sát đặc tính ra hoa, phát triển trái và ảnh hưởng của liều lượng phân N-P-K-Mg lên năng suất và phẩm chất trái mít Ba Láng hạt lép (Artocarpus hetephyllus Lamk) tại quận Cái Răng, thành phố Cần Thơ : | |
| 245 | 0 | |b Luận văn tốt nghiệp cao học. Chuyên ngành Khoa học cây trồng | |
| 245 | 0 | |c Trần Thị Doãn Xuân ; Trần Văn Hâu (Hướng dẫn khoa học) | |
| 260 | |a Cần Thơ | ||
| 260 | |b Trường Đại học Cần Thơ | ||
| 260 | |c 2016 | ||
| 520 | |a Nội dung của luận văn nghiên cứu, xác định đặc điểm sinh học sự ra hoa và phát triển trái mít Ba Láng hạt lép làm cơ sở cho những nghiên cứu cải tiến năng suất và chất lượng; xác định liều lượng phân N-P-K-Mg có hiệu quả để cải thiện năng suất và phẩm chất trái mít trái Ba Láng hạt lép | ||
| 650 | |a Cây ăn quả,Fruit trees | ||
| 904 | |i Nguyễn Thị Phương Thảo (Nguyên) | ||
| 980 | |a Trung tâm Học liệu Trường Đại học Cần Thơ | ||